|
|
|
|
| LEADER |
00000cam a2200000 7i4500 |
| 001 |
0000000896 |
| 005 |
20140405.0 |
| 090 |
0 |
0 |
|a R THE583.624
|b KAM 1999
|
| 100 |
0 |
0 |
|a KAMARUZAMAN Ali Budin
|
| 245 |
1 |
4 |
|a The effects of silvicultural treatments on growth and development of a hill dipterocarp forest after harvest in Peninsular Malaysia
|c Kamaruzaman Ali Budin
|
| 260 |
0 |
0 |
|a Bangor, Wales :
|b University of Wales ,
|c 1999
|
| 300 |
|
|
|a xv, 127 p. ;
|c 30 cm.
|
| 500 |
0 |
0 |
|a Bibliography: [p. 108-124]
|
| 500 |
0 |
0 |
|a Master of Philosophiae (University of Wales), 1999
|
| 650 |
0 |
0 |
|a Dipterocarpaceae
|z Peninsular Malaysia
|
| 998 |
|
|
|a JPSM
|
| 999 |
|
|
|a 0000001911
|b Monograph
|c Thesis
|e Default branch
|